Policy and education (Record no. 1395080)

MARC details
000 -LEADER
fixed length control field 00595nam a2200217Ia 4500
005 - DATE AND TIME OF LATEST TRANSACTION
control field 20250508165431.0
008 - FIXED-LENGTH DATA ELEMENTS--GENERAL INFORMATION
fixed length control field 008 250505s9999 xx 000 0 eng d
020 ## - INTERNATIONAL STANDARD BOOK NUMBER
International Standard Book Number 978-0-415-69758-3
037 ## - SOURCE OF ACQUISITION
Stock number TextBook
040 ## - CATALOGING SOURCE
Original cataloging agency FEDL
Language of cataloging eng
Transcribing agency FEDL
041 ## - LANGUAGE CODE
Language code of text/sound track or separate title eng
Source of code eng
084 ## - COLON CLASSIFICATION NUMBER
Classification number 379.154, ADA/R
Assigning agency FEDL
100 ## - MAIN ENTRY--PERSONAL NAME
Personal name Adams Paul
245 #0 - TITLE STATEMENT
Title Policy and education
260 ## - PUBLICATION, DISTRIBUTION, ETC.
Place of publication, distribution, etc. London, UK
Name of publisher, distributor, etc. Routledge
Date of publication, distribution, etc. 2014
300 ## - PHYSICAL DESCRIPTION
Extent ix, 180p.
365 ## - TRADE PRICE
Price type code GBP
Price amount 21.99
490 ## - SERIES STATEMENT
Series statement Foundation of Education Studies Series
942 ## - ADDED ENTRY ELEMENTS (KOHA)
Koha item type Textbook
Classification part 379.154, ADA/R
Holdings
Withdrawn status Lost status Damaged status Not for loan Home library Current library Date acquired Cost, normal purchase price Total Checkouts Full call number Barcode Date last seen Price effective from Koha item type
        Department of Education Library Department of Education Library 2025-05-08 21.99   379.154, ADA/R EL0088718 2025-05-08 2025-05-08 Textbook
Copyright @ Delhi University Library System